Lokacje Fortnite Rozdział 2 - Statystyki

Ogólne statystyki
  • Ten quiz został rozwiązany 184 razy
    178 od ostatniego zresetowania
  • Średni wynik to 16 z 40
Statystyki odpowiedzi
Sezon Odpowiedź % Poprawnych
2 Agencja
89%
1-3 4-8 Przyjemny Park
84%
2 Grota
71%
2 Rekin
71%
1-8 Sklepowa Sadyba
70%
1-4 Słone Strzechy
66%
2 Jacht
65%
2 Platforma
65%
3-4 Podniszczona Platforma
65%
1-8 Kurzące kominy
62%
1-8 Piszcząca Puszcza
61%
1-8 Gasnące Gaje
58%
1-7 Siorbane Szuwary
57%
1-8 Zalew Zastoju
57%
3-8 Koci Kącik
54%
1-6 Potne Piaski
53%
1-8 Zielone Żywopłoty
50%
1-8 Paskudna Przystań
47%
1-3 Farma Furii
46%
4 Stark Industries
46%
5 Kolosalne Koloseum
41%
1-8 Skaliste Skarpy
38%
3 Władze
38%
3-4 Fortylla
32%
5 Słone Wieże
31%
6 Iglica
30%
3-8 Koralowy Kasztel
29%
4 Domena Dooma
28%
2 Karkołomne Kino
26%
6-8 Kościane Krańce
16%
5-6 Tajna Twierdza
16%
8 Szlamowe Szuwary
12%
7-8 Wydmy Wierzących
12%
7 Kukurydziany Kompleks
11%
8 Piramida
11%
8 Kukurydziany Kwartał
9%
6 Kolosalny Kwartał
7%
4 Ruiny
5%
5 Zakątek Łowcy
5%
7 Zielona wylęgarnia
5%
Nie znaleziono quizów pasujących do podanych kryteriów
Rozkład punktacji
Procent ludzi z każdym wynikiem
Percentyl według liczby udzielonych odpowiedzi
Twoja historia wyników
Nie rozwiązałeś tego quizu od ostatniego zresetowania